Pelaksanaan Bahasa Malaysia sebagai bahasa pengantar pelajaran / (Record no. 2518)

000 -LEADER
fixed length control field aam a22 a 4500
003 - CONTROL NUMBER IDENTIFIER
control field AKMAL
005 - DATE AND TIME OF LATEST TRANSACTION
control field 20170517091420.0
008 - FIXED-LENGTH DATA ELEMENTS--GENERAL INFORMATION
fixed length control field 170517s1983 my g a00 may d
020 ## - INTERNATIONAL STANDARD BOOK NUMBER
Terms of availability RM 10.00
International Standard Book Number 63727030101
082 04 - DEWEY DECIMAL CLASSIFICATION NUMBER
Classification number 499.28 MOH
Edition number 20
090 00 - LOCALLY ASSIGNED LC-TYPE CALL NUMBER (OCLC); LOCAL CALL NUMBER (RLIN)
Classification number (OCLC) (R) ; Classification number, CALL (RLIN) (NR) 499.28
Local cutter number (OCLC) ; Book number/undivided call number, CALL (RLIN) MOH
100 1# - MAIN ENTRY--PERSONAL NAME
Personal name Mohd. Khusairi Haji Abdullah,
Titles and words associated with a name Haji,
Dates associated with a name 1935-
9 (RLIN) 5232
245 10 - TITLE STATEMENT
Title Pelaksanaan Bahasa Malaysia sebagai bahasa pengantar pelajaran /
Statement of responsibility, etc. Haji Mohd. Khusairi Haji Abdullah
260 ## - PUBLICATION, DISTRIBUTION, ETC.
Place of publication, distribution, etc. Kuala Lumpur :
Name of publisher, distributor, etc. Dewan Bahasa dan Pustaka,
Date of publication, distribution, etc. 1983
300 00 - PHYSICAL DESCRIPTION
Extent xii, 146ms. ;
Dimensions 22cm.
504 ## - BIBLIOGRAPHY, ETC. NOTE
Bibliography, etc. note Bibliografi: ms.142-146
650 10 - SUBJECT ADDED ENTRY--TOPICAL TERM
Topical term or geographic name entry element Malay language
General subdivision Standardization
9 (RLIN) 5233
650 20 - SUBJECT ADDED ENTRY--TOPICAL TERM
Topical term or geographic name entry element Language planning
Geographic subdivision Malaysia
9 (RLIN) 5234
942 ## - ADDED ENTRY ELEMENTS (KOHA)
Source of classification or shelving scheme
Koha item type Book
Holdings
Withdrawn status Lost status Source of classification or shelving scheme Damaged status Not for loan Collection code Home library Current library Shelving location Date acquired Inventory number Total Checkouts Full call number Barcode Date last seen Price effective from Koha item type
          NON-FICTION AKMAL Melaka AKMAL Melaka PINJAMAN 17.05.2017 400274   499.28 MOH 201703249 17.05.2017 17.05.2017 Book
Pusat Sumber Maklumat Dato' Haji Sarmin Md Hussin, Akademi Kastam Diraja Malaysia, Melaka
Tel: 06-2331106 | Faks: 06-2313787